Spoločenská zodpovednosť podnikov - atribút sociálne trhového hospodárstva
Ekonomická spoločenská zodpovednosť podnikov. Právna zodpovednosť podnikov. Etická spoločenská zodpovednosť podnikov. Filantropická (altruistická) zodpovednosť podnikov.
Na minha lista:
| Autor principal: | |
|---|---|
| Formato: | Capítulo de Livro |
| Idioma: | eslovaco |
| Assuntos: | |
| Tags: |
Sem tags, seja o primeiro a adicionar uma tag!
|
MARC
| LEADER | 00000naa a2200000 4500 | ||
|---|---|---|---|
| 001 | 0136201 | ||
| 005 | 20220718123449.9 | ||
| 041 | 0 | |a slo | |
| 044 | |a SK | ||
| 245 | 1 | 0 | |a Spoločenská zodpovednosť podnikov - atribút sociálne trhového hospodárstva |c Mikuláš Sedlák |
| 520 | |a Ekonomická spoločenská zodpovednosť podnikov. Právna zodpovednosť podnikov. Etická spoločenská zodpovednosť podnikov. Filantropická (altruistická) zodpovednosť podnikov. | ||
| 610 | 2 | 0 | |a spoločnosť |
| 610 | 2 | 0 | |a hospodárstvo národné |
| 610 | 2 | 0 | |a zodpovednosť organizácie |
| 610 | 2 | 0 | |a zodpovednosť spoločenská |
| 610 | 2 | 0 | |a zodpovednosť právna |
| 610 | 2 | 0 | |a etika |
| 610 | 2 | 0 | |a filantropia |
| 100 | 1 | |a Sedlák, Mikuláš | |